Logo BPK

Biblioteka

Politechniki Koszalińskiej

Zadania z techniki regulacji automatycznej / (Rekord nr 15978)

Szczegóły MARC
000 -ETYKIETA REKORDU
podpole kontrolne o stałej długości 00465nam a2200181 i 4500
001 - NUMER KONTROLNY REKORDU
pole kontrolne bg
040 ## - ŹRÓDŁO KATALOGOWANIA
Instytucja, która utworzyła rekord BPK
041 ## - KOD JĘZYKA
Kod języka tekstu pol
080 ## - UNIWERSALNA KLASYFIKACJA DZIESIĘTNA - UKD
UKD 62-5
008 - POLE O STAŁEJ DŁUGOŚCI - DANE KONTROLNE
podpole kontrolne o stałej długości s pl f |000 0 pol
100 1# - NAZWA OSOBOWA
Nazwa osobowa KINDLER, Heinrich
245 #0 - TYTUŁ/ODPOWIEDZIALNOŚĆ
Tytuł Zadania z techniki regulacji automatycznej /
Pozostałe elementy strefy tytułu i oznaczenia odpowiedzialności H. Kindler, H. Buhta, H. Wilfert.
250 ## - STREFA WYDANIA
Oznaczenie wydania Wyd.2 popr.i rozsz.
260 ## - STREFA ADRESU WYDAWNICZEGO
Miejsce wydania Warszawa,
Data publikacji, dystrybucji/powstania dokumentu 1971.
700 1# - HASŁO DODATKOWE - NAZWA OSOBOWA
Nazwa osobowa BUCHTA, Helmut
700 1# - HASŁO DODATKOWE - NAZWA OSOBOWA
Nazwa osobowa WILFERT, Helmut
856 ## - LOKALIZACJA I DOSTĘP DO ELEKTRONICZNYCH DOKUMENTÓW ZDALNYCH
Link (URL) http://koha.tu.koszalin.pl/cgi-bin/koha/opac-detail.pl?biblionumber=15978
Tekst linku Katalog online BPK
942 ## - DODATKOWE ELEMENTY (KOHA)
Typ dokumentu Książka
Egzemplarze
Wycofany Status egzemplarza Uszkodzony Dostępność Lokalizacja stała Lokalizacja bieżąca Miejsce przechowywania Sygnatura Kod kreskowy Typ dokumentu
      Dostępny Biblioteka Politechniki Koszalińskiej Biblioteka Politechniki Koszalińskiej Wypożyczalnia BG 19413 01704693 Książka
© 2023 Biblioteka Politechniki Koszalińskiej :: KOHA